000 00449nam a2200169Ia 4500
999 _c33734
_d33734
003 OSt
005 20200814130504.0
008 190216s9999||||xx |||||||||||||| ||und||
040 _coclc
082 _a543.5
_bKAU/S
100 _aKaur, H
_94136
245 0 _aSpectroscopy /
_cH Kaur
250 _a1st Ed.
260 _bPragathi Prakashan,
_c2001.
_aMeerut:
300 _a620p
942 _cBK
_2ddc
_h543.5
_iKAU/S
_k543.5
_mKAU/S